Normal view
MARC view
Entry Personal Name
001 - CONTROL NUMBER
- control field: 42476
003 - CONTROL NUMBER IDENTIFIER
- control field: OSt
005 - DATE AND TIME OF LATEST TRANSACTION
- control field: 20240531093540.0
008 - FIXED-LENGTH DATA ELEMENTS
- fixed length control field: 240531|| aca||aabn | a|a d
040 ## - CATALOGING SOURCE
- Original cataloging agency: OSt
- Transcribing agency: OSt
100 ## - HEADING--PERSONAL NAME
- Personal name: ရေဝတ၊ ဘဒ္ဒန္တ၊ သစ္စဒီပကဆရာတော်-
670 ## - SOURCE DATA FOUND
- Source citation: Work cat.: (OSt): ရေဝတ၊ ဘဒ္ဒန္တ၊ သစ္စဒီပကဆရာတော်-, ဒိဋ္ဌိဝိစိကိစ္ဆာ ပဟာတဗ္ဗကထာ /, [ခုနှစ်မပါ]။